Online
Catalog

La población prerromana del extremo nordeste peninsular : (Record no. 5174)

MARC details
000 -CABECERA
campo de control de longitud fija 00895nam a2200217 a 4500
001 - NÚMERO DE CONTROL
campo de control 000005374
005 - FECHA Y HORA DE LA ÚLTIMA TRANSACCIÓN
campo de control 20200929151646.0
008 - DATOS DE LONGITUD FIJA--INFORMACIÓN GENERAL
campo de control de longitud fija 090819s1988 sp ab 001 0 spa d
020 ## - NÚMERO INTERNACIONAL ESTÁNDAR DEL LIBRO
Número Internacional Estándar del Libro 840006917X
040 ## - FUENTE DE LA CATALOGACIÓN
Centro catalogador/agencia de origen DO-SdBNP
Lengua de catalogación spa
Centro/agencia transcriptor BNPHU
082 ## - NÚMERO DE LA CLASIFICACIÓN DECIMAL DEWEY
Número de clasificación 936.601
Número de documento/Ítem P979p
049 ## - FONDOS LOCALES (OCLC)
Fondos de biblioteca BNPD
100 1# - ENTRADA PRINCIPAL--NOMBRE DE PERSONA
Nombre de persona Pujol Puigvehí, Anna
9 (RLIN) 15245
245 13 - MENCIÓN DE TÍTULO
Título La población prerromana del extremo nordeste peninsular :
Resto del título génesis y desarrollo de la cultura ibérica en las comarcas gerundenses /
Mención de responsabilidad, etc. Anna Pujol Puigvehí ; prólogo Carlos J. Maluquer de Motes.
260 ## - PUBLICACIÓN, DISTRIBUCIÓN, ETC.
Lugar de publicación, distribución, etc. Barcelona, España :
Nombre del editor, distribuidor, etc. Consejo Superior de Investigaciones Científicas,
Fecha de publicación, distribución, etc. 1988.
300 ## - DESCRIPCIÓN FÍSICA
Extensión 2 v. :
Otras características físicas il, map. ;
Dimensiones 23 cm.
500 ## - NOTA GENERAL
Nota general Incluye datos biográficos del autor en la contracubierta
500 ## - NOTA GENERAL
Nota general Incluye tabla de contenido
650 #4 - PUNTO DE ACCESO ADICIONAL DE MATERIA--TÉRMINO DE MATERIA
Término de materia o nombre geográfico como elemento de entrada Historia antigua
Subdivisión geográfica Europa
9 (RLIN) 15246
700 1# - PUNTO DE ACCESO ADICIONAL--NOMBRE DE PERSONA
Nombre de persona Maluquer de Motes, Carlos J.,
Término indicativo de función/relación pról.
9 (RLIN) 15247
Holdings
Estado de retiro Estado de pérdida Restricciones de uso No para préstamo Código de colección Localización permanente Ubicación/localización actual Ubicación en estantería Fecha de adquisición Número de inventario Total de préstamos Signatura topográfica completa Código de barras Fecha visto por última vez Precio válido a partir de Tipo de ítem Koha Número de copia
        Monografías: Libros y Folletos General General Depósito 19.08.2009 LF1   936.601 P979p 5374-10 25.06.2020 25.06.2020 Préstamo en sala  
    Préstamo restringido Préstamo restrigido Monografías: Libros y Folletos General General Depósito 20.08.2009 LF1   936.601 P979p 5374-20 25.06.2020 25.06.2020 Préstamo en sala e. 2

Powered by Koha